Villes françaises avec le mot "château" ou ses dérivés - Statistiques

Statistiques générales
  • Ce quiz a été pris 82 fois
  • Le résultat moyen est 6 sur 15
Statistiques - réponses
Département Description Ville % Correct
Indre Préfecture du département de l’Indre, connue pour ses vastes espaces verts et son passé industriel. Châteauroux
84%
Aude Berceau du célèbre cassoulet, cette ville est un incontournable de la gastronomie du Sud-Ouest. Castelnaudary
73%
Aisne Ville natale de Jean de La Fontaine, elle a joué un rôle clé pendant la Première Guerre mondiale. Château-Thierry
67%
Nièvre Ville emblématique du Morvan, célèbre pour avoir été le fief politique de François Mitterrand. Château-Chinon (Ville)
51%
Vienne Ancienne ville d’armurerie, aujourd’hui tournée vers les technologies de pointe. Châtellerault
49%
Vaucluse Célèbre dans le monde entier pour ses prestigieux vins rouges de la vallée du Rhône. Châteauneuf-du-Pape
45%
Mayenne Charmante ville traversée par la Mayenne, dotée d’un riche patrimoine architectural. Château-Gontier
42%
Loire-Atlantique Ancienne cité médiévale dotée d’un château fort et d’un riche passé historique. Châteaubriant
40%
Charente-Maritime Station balnéaire familiale face à l’océan Atlantique, prisée pour sa longue plage de sable. Châtelaillon-Plage
21%
Hérault Située aux portes de Montpellier, c’est une commune résidentielle dynamique alliant modernité et patrimoine. Castelnau-le-Lez
19%
Puy-de-Dôme Station thermale réputée nichée au cœur de l’Auvergne, entre volcans et sources minérales. Châtel-Guyon
16%
Moselle Ancien centre de production de sel, elle conserve des traces de son passé médiéval. Château-Salins
14%
Ille-et-Vilaine Ville bretonne pittoresque, connue pour son château et son riche tissu associatif. Châteaugiron
12%
Loiret Ville ligérienne réputée pour son château transformé en musée de la marine de Loire. Châteauneuf-sur-Loire
10%
Alpes-de-Haute-Provence Commune située dans la vallée de la Durance, connue pour son aérodrome et ses activités aéronautiques. Château-Arnoux-Saint-Auban
8%
Aucun quiz correspondant
Distribution des résultats
% des personnes avec chaque résultat
Percentile par nombre de réponses
Votre historique - résultats
Vous n’avez pas pris ce quiz